000 00478nam a2200169Ia 4500
008 230718s9999 xx 000 0 und d
020 _a9781107610194
041 _aeng
082 _a301.072
_bTHI
100 _aThiel D.V.
_9197933
245 _aResearch Methods For Engineers
260 _c2014
_bCambridge
300 _a291
_dRef 884 I ME (51559)
365 _cRs.
_b2619.00
700 _aThiel D.V.
_9197933
906 _dO:0468014-Sep-2015B:201005-Aug-2015
_cME INS
_b654.75
999 _c340352
_d340352